| 000 | 00356nam a2200133Ia 4500 | ||
|---|---|---|---|
| 008 | 191014s9999 xx 000 0 und d | ||
| 020 | _a0-09-151290-5 | ||
| 082 |
_a353.00947 _bCOC |
||
| 100 |
_aAndrew Cockburn _923944 |
||
| 245 | 4 | _aThe Threat Inside the Soviet Military Machine | |
| 260 |
_aLondon _bHutchinson _c1983 |
||
| 300 | _aPeg,338 | ||
| 942 | _cBK | ||
| 999 |
_c531079 _d531079 |
||